000 00475nam a2200193Ia 4500
005 20240823033205.0
008 240823s9999||||xx |||||||||||||| ||und||
020 _a978-81-204-1683-3
041 _aENGLISH
082 _A628.109P5
100 _aHusain S K
245 0 _aWATER SUPPLY AND SANITARY ENGINEERING
250 _a3rd
260 _c2005
_b"Oxford & IBH , New "
500 _aYES
650 _aWater Supply Engineering
_bCivil
942 _cBK
999 _c195226
_d195226